Poesía del amor español: antología
Enregistré dans:
| Auteur principal: | |
|---|---|
| Format: | Livre |
| Langue: | espagnol |
| Publié: |
Santiago
Zig-Zag
1941
|
| Collection: | Colección Poesías
|
| Sujets: | |
| Tags: |
Ajouter un tag
Pas de tags, Soyez le premier à ajouter un tag!
|
MARC
| LEADER | 00000nam a2200000 a 4500 | ||
|---|---|---|---|
| 001 | UCZ0889 | ||
| 003 | CL-VaPUC | ||
| 008 | 950810e19410000CL |||||||||||||||||spa|d | ||
| 082 | 0 | 4 | |a 861 |b SCA |2 21 |
| 100 | 0 | |a Scarpa, Roque Esteban |e author |9 344180 | |
| 245 | 1 | 0 | |a Poesía del amor español: antología |
| 300 | |a 701 p | ||
| 942 | |c BK | ||
| 945 | |d 19950810 00:00:00 |a rbrito | ||
| 260 | |a Santiago |b Zig-Zag |c 1941 | ||
| 650 | 0 | |a Poesías españolas |9 265100 | |
| 583 | |a last modification |c 19950810 00:00:00 |k Rodrigo Vera | ||
| 490 | 0 | |a Colección Poesías | |
| 999 | |c 237756 |d 237754 | ||
| 952 | |0 0 |1 0 |4 0 |6 861_000000000000000_SCA_1941 |7 0 |8 A |9 247434 |a BIBEDU |b BIBEDU |d 2019-11-18 |i 3103951 |o 861 SCA 1941 |p 3103951 |r 2019-11-18 |w 2019-11-18 |y BK |k LIT | ||
| 952 | |0 0 |1 0 |4 0 |6 861_000000000000000_SCA_1941 |7 0 |8 P |9 247435 |a BIBARQ |b BIBARQ |d 2019-11-18 |i 4038657 |l 1 |o 861 SCA 1941 |p 4038657 |r 2025-01-20 |s 2024-03-26 |w 2019-11-18 |y BK |k ARQ | ||